[Event "Quebec Montcalm-ch"]
[White "Pageau, Roger"]
[Black "Girard, Robin"]
[Site "Quebec"]
[Round "2"]
[Result "0-1"]
[Date "2003.01.11"]
[WhiteElo "2054"]
[BlackElo "2249"]
[PlyCount "84"]
[EventDate "2003.01.??"]
[EventType "swiss"]
[EventRounds "5"]
[EventCountry "CAN"]
[SourceTitle "EXT 2006"]
[Source "ChessBase"]
[SourceDate "2005.11.24"]
[SourceVersion "1"]
[SourceVersionDate "2005.11.24"]
[SourceQuality "1"]

1. d4 c5 2. c3 d5 3. Bf4 Nc6 4. e3 Nf6 5. Nd2 g6 6. Be2 Bg7 7. h3 0-0 8. g4 Nd7 9. Ngf3 e5 10. dxe5 Ndxe5 11. Nxe5 Nxe5 12. Nf3 Nc6 13. 0-0 Be6 14. Kg2 Qb6 15. Qc2 Rac8 16. Ng5 d4 17. Nxe6 fxe6 18. a3 Na5 19. Rad1 e5 20. Bg3 c4 21. cxd4 exd4 22. exd4 Bxd4 23. Rb1 Qc6+ 24. f3 Nb3 25. Be1 b5 26. Bc3 Rce8 27. Rbe1 Qf6 28. Bb4 Bc5 29. Bc3 Qf4 30. Bb4 Bxb4 31. axb4 Nd4 32. Bxc4+ bxc4 33. Qxc4+ Kg7 34. Rxe8 Rxe8 35. Rf2 Re1 36. Qc3 Re3 37. Qd2 Nxf3 38. Qd7+ Kh6 39. g5+ Qxg5+ 40. Qg4 Qxg4+ 41. hxg4 Ne5 42. Rc2 Rb3 0-1

[Event "Quebec Montcalm op 3 2002-03"]
[White "Audet Bouchard, Nicolas"]
[Black "Girard, Robin"]
[Site "Quebec"]
[Round "3"]
[Result "1-0"]
[Date "2002.12.05"]
[WhiteElo "2002"]
[BlackElo "2266"]
[PlyCount "103"]
[EventDate "2002.11.21"]
[EventType "swiss"]
[EventRounds "5"]
[EventCountry "CAN"]
[SourceTitle "EXT 2022"]
[Source "ChessBase"]
[SourceDate "2021.10.06"]
[SourceVersion "1"]
[SourceVersionDate "2021.10.06"]
[SourceQuality "1"]

1. e4 c5 2. Nf3 d6 3. c3 Nf6 4. Be2 g6 5. 0-0 Bg7 6. Re1 0-0 7. Bf1 Nc6 8. d4 cxd4 9. cxd4 Bg4 10. d5 Ne5 11. Nbd2 Rc8 12. h3 Bxf3 13. Nxf3 Nxf3+ 14. Qxf3 Nd7 15. Qa3 Qb6 16. Rb1 Bd4 17. Be3 Ne5 18. Bxd4 Qxd4 19. Qe3 Qxe3 20. Rxe3 Rc2 21. f4 Nd7 22. Bd3 Rd2 23. Bb5 Nf6 24. Rb3 Re2 25. e5 dxe5 26. Ra3 Rd2 27. fxe5 Nxd5 28. Rxa7 Rc8 29. Ba4 Ne3 30. Rxb7 Rxg2+ 31. Kh1 Re2 32. Rxe7 Nf5 33. Re8+ Rxe8 34. Bxe8 Rxe5 35. Bc6 Nd4 36. Bg2 Re2 37. a4 Nb3 38. Bd5 Nc5 39. a5 Rd2 40. Bg2 Na6 41. Bf1 Nb4 42. a6 Rd7 43. Ra1 Ra7 44. Ra4 Nd5 45. b4 Kf8 46. b5 Ke7 47. Rc4 f5 48. Rc6 Kd7 49. Bg2 Ne7 50. Rf6 Rc7 51. b6 Rc1+ 52. Kh2 1-0

[Event "Quebec Montcalm op 1 2002-03"]
[White "Sauve, Richard"]
[Black "Girard, Robin"]
[Site "Quebec"]
[Round "3"]
[Result "1/2-1/2"]
[Date "2002.09.26"]
[WhiteElo "1953"]
[BlackElo "2213"]
[PlyCount "146"]
[EventDate "2002.09.12"]
[EventType "swiss"]
[EventRounds "5"]
[EventCountry "CAN"]
[SourceTitle "EXT 2022"]
[Source "ChessBase"]
[SourceDate "2021.10.06"]
[SourceVersion "1"]
[SourceVersionDate "2021.10.06"]
[SourceQuality "1"]

1. d4 Nf6 2. c4 g6 3. Nc3 Bg7 4. e4 d6 5. f3 0-0 6. Be3 e5 7. d5 Nh5 8. Qd2 Qh4+ 9. Bf2 Qe7 10. 0-0-0 f5 11. exf5 gxf5 12. Nh3 Na6 13. Bd3 Bd7 14. Rhg1 Nc5 15. Bc2 a5 16. Rde1 Rae8 17. g4 fxg4 18. fxg4 Nf4 19. Nxf4 Rxf4 20. Qxf4 exf4 21. Rxe7 Rxe7 22. h3 Be8 23. Re1 Be5 24. Bh4 Rf7 25. Ne4 Nxe4 26. Bxe4 Bd7 27. Bf3 Rf8 28. b3 Be8 29. Be7 Rf7 30. Bd8 b6 31. Kd2 Kg7 32. g5 Kf8 33. Bh5 Rd7 34. Bxe8 Rxd8 35. Bh5 Kg7 36. Bf3 Re8 37. Kd3 h6 38. gxh6+ Kxh6 39. Rg1 Bf6 40. Be4 Bg5 41. Rg4 Kh5 42. Rg1 Rf8 43. Bf3+ Kh6 44. Re1 Bf6 45. Re6 Kg5 46. Ke4 Rf7 47. Re8 Be5 48. Re6 Bf6 49. Bg4 Rf8 50. Kf3 a4 51. b4 Bc3 52. b5 Bf6 53. Kf2 a3 54. Bd1 Rh8 55. Bg4 Bd4+ 56. Kg2 Ra8 57. Bd1 Rg8 58. Bg4 Rg7 59. Kf3 Rg8 60. Kg2 Ra8 61. Bd1 f3+ 62. Bxf3 Ra4 63. h4+ Kf5 64. Be4+ Kf4 65. Bd3 Be5 66. h5 Rb4 67. h6 Rb2+ 68. Kh3 Rxa2 69. Rxe5 dxe5 70. h7 Ra1 71. Kg2 Ra2+ 72. Kh3 Ra1 73. Kg2 Ra2+ 1/2-1/2

[Event "Quebec Montcalm op 6 2001-02"]
[White "Girard, Robin"]
[Black "Drolet, Stephane"]
[Site "Quebec"]
[Round "3"]
[Result "1/2-1/2"]
[Date "2002.04.11"]
[WhiteElo "2225"]
[BlackElo "2038"]
[PlyCount "21"]
[EventDate "2002.03.28"]
[EventType "swiss"]
[EventRounds "5"]
[EventCountry "CAN"]
[SourceTitle "EXT 2022"]
[Source "ChessBase"]
[SourceDate "2021.10.06"]
[SourceVersion "1"]
[SourceVersionDate "2021.10.06"]
[SourceQuality "1"]

1. e4 e6 2. d4 d5 3. Nc3 Nc6 4. Nf3 Nf6 5. e5 Ne4 6. Bd3 Bb4 7. Bd2 Nxd2 8. Qxd2 f6 9. exf6 gxf6 10. Qh6 Qe7 11. 0-0 1/2-1/2

[Event "Quebec Montcalm op"]
[White "Girard, Robin"]
[Black "Lacroix, Serge"]
[Site "Quebec"]
[Round "2"]
[Result "1-0"]
[Date "2002.03.02"]
[WhiteElo "2202"]
[BlackElo "2010"]
[PlyCount "80"]
[EventDate "2002.03.01"]
[EventType "swiss"]
[EventRounds "5"]
[EventCountry "CAN"]
[SourceTitle "EXT 2022"]
[Source "ChessBase"]
[SourceDate "2021.10.06"]
[SourceVersion "1"]
[SourceVersionDate "2021.10.06"]
[SourceQuality "1"]

1. e4 e5 2. Nf3 Nc6 3. Bb5 a6 4. Ba4 Nf6 5. 0-0 Be7 6. Qe2 b5 7. Bb3 d6 8. c3 Na5 9. Bc2 c5 10. d3 0-0 11. Nbd2 Qc7 12. Re1 Re8 13. Nf1 Nc6 14. Ng3 Bd7 15. h3 g6 16. a3 Bf8 17. Bg5 Bg7 18. Qd2 Be6 19. Rac1 d5 20. Qe2 d4 21. cxd4 Nxd4 22. Nxd4 cxd4 23. Bb3 Qd7 24. Bxe6 Rxe6 25. Qc2 h6 26. Bd2 h5 27. Rf1 Ree8 28. f4 Rec8 29. Qb3 exf4 30. Bxf4 Qe6 31. Qb4 Rxc1 32. Rxc1 Rd8 33. a4 bxa4 34. Qxa4 Qb6 35. Bg5 Rb8 36. Rc6 Qxb2 37. Bxf6 Qb1+ 38. Kh2 Bxf6 39. Rxf6 h4 40. Ne2 Qxd3 1-0

[Event "Quebec op"]
[White "Levtchouk, George"]
[Black "Girard, Robin"]
[Site "Quebec"]
[Round "7"]
[Result "1-0"]
[Date "1997.??.??"]
[WhiteElo "2335"]
[BlackElo "2190"]
[PlyCount "79"]
[EventDate "1997.??.??"]
[EventType "swiss"]
[EventRounds "9"]
[EventCountry "CAN"]
[SourceTitle "EXT 1998"]
[Source "ChessBase"]
[SourceDate "1997.11.17"]
[SourceVersion "1"]
[SourceVersionDate "1997.11.17"]
[SourceQuality "1"]

1. d4 d5 2. c4 e6 3. cxd5 exd5 4. Nc3 c5 5. Nf3 Nc6 6. Bg5 Be7 7. Bxe7 Ngxe7 8. dxc5 Qa5 9. e3 0-0 10. Be2 Qxc5 11. 0-0 Bg4 12. Rc1 Qb4 13. Qa4 Rac8 14. Qxb4 Nxb4 15. Rfd1 Rfd8 16. Nd4 Bxe2 17. Ndxe2 g5 18. Rd2 f5 19. Rcd1 Kf7 20. a3 Na6 21. Nb5 Rc5 22. Nec3 Nc7 23. Nd4 h6 24. h4 Rc8 25. f3 Kg6 26. Kf2 Rf8 27. Na4 Ra5 28. Rc2 Na6 29. b3 Rc8 30. Rxc8 Nxc8 31. Rc1 Nb6 32. Nxb6 axb6 33. Rc8 Rxa3 34. h5+ Kxh5 35. Rg8 f4 36. exf4 Ra2+ 37. Kg3 Nc5 38. Kh3 gxf4 39. Nf5 Ne6 40. g4+ 1-0

[Event "Montreal Pere Noel"]
[White "Girard, Robin"]
[Black "Leutschaft, Martin"]
[Site "Montreal"]
[Round "4"]
[Result "0-1"]
[Date "1996.12.29"]
[WhiteElo "2317"]
[BlackElo "2016"]
[PlyCount "90"]
[EventDate "1996.12.26"]
[EventType "swiss"]
[EventRounds "5"]
[EventCountry "CAN"]
[SourceTitle "EXT 2022"]
[Source "ChessBase"]
[SourceDate "2021.10.06"]
[SourceVersion "1"]
[SourceVersionDate "2021.10.06"]
[SourceQuality "1"]

1. e4 e5 2. Nf3 d6 3. d4 Nf6 4. Nc3 Nbd7 5. Bc4 Be7 6. 0-0 0-0 7. Re1 c6 8. a4 Qc7 9. Bg5 Re8 10. Qb1 Nf8 11. Qa2 Bd8 12. h3 Be6 13. d5 Bc8 14. dxc6 bxc6 15. Rad1 Be6 16. Rd2 h6 17. Be3 a5 18. Red1 Be7 19. Rd3 Rab8 20. Nd2 Rb4 21. Bxe6 fxe6 22. f4 d5 23. fxe5 Qxe5 24. exd5 exd5 25. Bf2 Bd6 26. Nf3 Qh5 27. Nd4 Rc4 28. Rf1 Ng6 29. b3 Rxc3 30. Rxc3 Qe5 31. Rg3 Nf4 32. Re1 Qxe1+ 33. Bxe1 Rxe1+ 34. Kf2 Rd1 35. Rxg7+ Kf8 36. Nf5 Bc5+ 37. Kg3 N4h5+ 38. Kf3 Nxg7 39. Ke2 Ne4 40. Qb2 Rd2+ 41. Ke1 Nxf5 42. Qh8+ Kf7 43. Qh7+ Ng7 44. g4 Ng5 45. Qxh6 Nf3+ 0-1

[Event "Montreal op"]
[White "Girard, Robin"]
[Black "Hergott, Deen"]
[Site "Montreal"]
[Round "3"]
[Result "1/2-1/2"]
[Date "1996.??.??"]
[WhiteElo "2215"]
[BlackElo "2485"]
[PlyCount "50"]
[EventDate "1996.??.??"]
[EventType "swiss"]
[EventRounds "9"]
[EventCountry "CAN"]
[SourceTitle "EXT 1999"]
[Source "ChessBase"]
[SourceDate "1998.11.16"]
[SourceVersion "1"]
[SourceVersionDate "1998.11.16"]
[SourceQuality "1"]

1. e4 g6 2. d4 Bg7 3. Nc3 c5 4. Nf3 cxd4 5. Nxd4 Nc6 6. Be3 Nf6 7. Nb3 d6 8. Be2 0-0 9. f4 a5 10. a4 Nb4 11. 0-0 Bd7 12. Bf3 Qc7 13. Rf2 Rfd8 14. Rd2 Rac8 15. Kh1 Bc6 16. Nd4 Nd7 17. Ncb5 Qb8 18. c3 Na6 19. Nxc6 bxc6 20. Nd4 e5 21. Nb3 exf4 22. Bxf4 Be5 23. Bxe5 Nxe5 24. Nxa5 Qb6 25. b4 c5 1/2-1/2

[Event "Maitrise op"]
[White "Girard, Robin"]
[Black "Prahov, Valentin Asenov"]
[Site "Montreal"]
[Round "6"]
[Result "1-0"]
[Date "1996.??.??"]
[WhiteElo "2300"]
[BlackElo "2145"]
[PlyCount "80"]
[EventDate "1996.??.??"]
[EventType "swiss"]
[EventRounds "6"]
[EventCountry "CAN"]
[SourceTitle "EXT 1999"]
[Source "ChessBase"]
[SourceDate "1998.11.16"]
[SourceVersion "1"]
[SourceVersionDate "1998.11.16"]
[SourceQuality "1"]

1. e4 c5 2. Nc3 Nc6 3. Nge2 g6 4. d4 cxd4 5. Nxd4 Bg7 6. Be3 Nf6 7. Nb3 0-0 8. Be2 a5 9. a4 d6 10. 0-0 Ne5 11. f4 Neg4 12. Bd4 e5 13. fxe5 Nxe5 14. Qe1 Nc6 15. Be3 Ng4 16. Bxg4 Bxg4 17. Nd5 Bxb2 18. c3 Bxa1 19. Nf6+ Kg7 20. Nxg4 Bb2 21. Bh6+ Kh8 22. Nf6 Rg8 23. Qe3 Qe7 24. Bg5 Qe6 25. Nd5 h5 26. Rf6 Qe8 27. Rxd6 Ba3 28. Bf6+ Kh7 29. Bd4 Nxd4 30. Nf6+ Kg7 31. Nxe8+ Rgxe8 32. Qxd4+ Kg8 33. Rd7 Rac8 34. Qd5 Rf8 35. c4 b6 36. e5 Rce8 37. c5 bxc5 38. Nxc5 Rc8 39. Nd3 Rce8 40. Nf4 Kg7 1-0

[Event "Quebec-ch"]
[White "Girard, Robin"]
[Black "Schleifer, Michael"]
[Site "Quebec"]
[Round "9"]
[Result "0-1"]
[Date "1996.??.??"]
[WhiteElo "2215"]
[BlackElo "2270"]
[PlyCount "60"]
[EventDate "1996.??.??"]
[EventType "tourn"]
[EventRounds "9"]
[EventCountry "CAN"]
[EventCategory "3"]
[SourceTitle "EXT 1998"]
[Source "ChessBase"]
[SourceDate "1997.11.17"]
[SourceVersion "1"]
[SourceVersionDate "1997.11.17"]
[SourceQuality "1"]

1. e4 c5 2. Nf3 e6 3. d4 cxd4 4. Nxd4 Nf6 5. Nc3 d6 6. Be2 Be7 7. 0-0 0-0 8. f4 Nc6 9. Be3 a6 10. a4 Bd7 11. Qe1 e5 12. Nxc6 Bxc6 13. fxe5 dxe5 14. Qg3 Nxe4 15. Nxe4 Bxe4 16. Qxe5 Bxc2 17. Bc4 Bf6 18. Qd5 Qxd5 19. Bxd5 Rfe8 20. Bb6 Be4 21. Bxe4 Rxe4 22. Rad1 Rxa4 23. Rfe1 h6 24. Bc5 Rc8 25. b4 a5 26. Be7 Bc3 27. Re4 Re8 28. Rd8 Rxd8 29. Bxd8 Bxb4 30. Bxa5 Bc5+ 0-1

[Event "Quebec-ch"]
[White "O'Donnell, Tom"]
[Black "Girard, Robin"]
[Site "Quebec"]
[Round "6"]
[Result "1/2-1/2"]
[Date "1996.??.??"]
[WhiteElo "2365"]
[BlackElo "2215"]
[PlyCount "33"]
[EventDate "1996.??.??"]
[EventType "tourn"]
[EventRounds "9"]
[EventCountry "CAN"]
[EventCategory "3"]
[SourceTitle "EXT 1998"]
[Source "ChessBase"]
[SourceDate "1997.11.17"]
[SourceVersion "1"]
[SourceVersionDate "1997.11.17"]
[SourceQuality "1"]

1. e4 c5 2. Nf3 d6 3. Bb5+ Bd7 4. Bxd7+ Nxd7 5. 0-0 Ngf6 6. Qe2 e6 7. b3 Be7 8. Bb2 Qc7 9. c4 0-0 10. Nc3 a6 11. d4 cxd4 12. Nxd4 Rfe8 13. Rae1 Bf8 14. Kh1 b6 15. f3 Qb7 16. Qd2 Nc5 17. Rd1 1/2-1/2

[Event "Quebec-ch"]
[White "Ross, David"]
[Black "Girard, Robin"]
[Site "Quebec"]
[Round "1"]
[Result "1-0"]
[Date "1996.??.??"]
[WhiteElo "2355"]
[BlackElo "2215"]
[PlyCount "34"]
[EventDate "1996.??.??"]
[EventType "tourn"]
[EventRounds "9"]
[EventCountry "CAN"]
[EventCategory "3"]
[SourceTitle "EXT 1998"]
[Source "ChessBase"]
[SourceDate "1997.11.17"]
[SourceVersion "1"]
[SourceVersionDate "1997.11.17"]
[SourceQuality "1"]

1. e4 c5 2. Nf3 d6 3. c3 Nf6 4. Be2 g6 5. 0-0 Bg7 6. Re1 0-0 7. Bf1 Nc6 8. h3 e5 9. d3 h6 10. a3 d5 11. Nbd2 Re8 12. b4 cxb4 13. axb4 d4 14. Bb2 dxc3 15. Bxc3 b5 16. Nb3 Qb6 17. Qc1 Bb7 1-0

[Event "Laval op 10th"]
[White "Bolduc, Steve"]
[Black "Girard, Robin"]
[Site "Laval"]
[Round "3"]
[Result "1-0"]
[Date "1993.04.03"]
[WhiteElo "2031"]
[BlackElo "2238"]
[PlyCount "93"]
[EventDate "1993.04.02"]
[EventType "swiss"]
[EventRounds "5"]
[EventCountry "CAN"]
[SourceTitle "EXT 2022"]
[Source "ChessBase"]
[SourceDate "2021.10.06"]
[SourceVersion "1"]
[SourceVersionDate "2021.10.06"]
[SourceQuality "1"]

1. d4 h6 2. c4 a6 3. Nc3 c5 4. d5 g5 5. e4 Bg7 6. h4 Qc7 7. hxg5 hxg5 8. Rxh8 Bxh8 9. Bd2 b5 10. Qh5 Bf6 11. Nf3 b4 12. Nxg5 Bxg5 13. Qxg5 Kf8 14. Be2 Qh2 15. Na4 Ra7 16. 0-0-0 d6 17. Bf4 Qh7 18. Bd3 Qg7 19. Qxg7+ Kxg7 20. e5 Bd7 21. Bc2 Bxa4 22. Bxa4 Nd7 23. exd6 Nb6 24. Bc6 exd6 25. Bxd6 Nxc4 26. Bxc5 Rc7 27. Rd4 Na5 28. Bd6 Rxc6+ 29. dxc6 Nxc6 30. Rg4+ Kh7 31. Rc4 Nd8 32. Rxb4 Ne6 33. Ra4 Nf6 34. Rxa6 Ne4 35. f3 Nf6 36. b4 Kg6 37. b5 Nd7 38. b6 Nd8 39. Bc7 Nb7 40. Ra7 Ndc5 41. a4 Kf5 42. a5 Ke6 43. a6 Na5 44. b7 Nd3+ 45. Kd2 Nc4+ 46. Kxd3 Ne5+ 47. Bxe5 1-0

[Event "Quebec-ch Amateur"]
[White "Girard, Robin"]
[Black "Seguin, Rene"]
[Site "Montreal"]
[Round "3"]
[Result "1-0"]
[Date "1992.10.10"]
[WhiteElo "2161"]
[BlackElo "1989"]
[PlyCount "55"]
[EventDate "1992.10.09"]
[EventType "swiss"]
[EventRounds "5"]
[EventCountry "CAN"]
[SourceTitle "EXT 2022"]
[Source "ChessBase"]
[SourceDate "2021.10.06"]
[SourceVersion "1"]
[SourceVersionDate "2021.10.06"]
[SourceQuality "1"]

1. e4 c5 2. Nf3 d6 3. d4 cxd4 4. Nxd4 Nf6 5. Nc3 Nc6 6. Bc4 Qb6 7. Nb3 e6 8. Be3 Qc7 9. Be2 a6 10. a4 b6 11. 0-0 Be7 12. f4 0-0 13. Kh1 Nb4 14. Bf3 e5 15. f5 Bb7 16. Rf2 Rfd8 17. Rd2 Bc6 18. a5 bxa5 19. Nxa5 Bb5 20. g4 h6 21. h4 Nh7 22. Qg1 Rab8 23. g5 hxg5 24. hxg5 Qd7 25. Rh2 f6 26. g6 Ng5 27. Bxg5 fxg5 28. Rh8+ 1-0

[Event "Charny Bonne annee"]
[White "Girard, Robin"]
[Black "Lacroix, Serge"]
[Site "Charny"]
[Round "1"]
[Result "0-1"]
[Date "1991.01.04"]
[WhiteElo "1928"]
[BlackElo "2235"]
[PlyCount "128"]
[EventDate "1991.01.04"]
[EventType "swiss"]
[EventRounds "5"]
[EventCountry "CAN"]
[SourceTitle "EXT 2022"]
[Source "ChessBase"]
[SourceDate "2021.10.06"]
[SourceVersion "1"]
[SourceVersionDate "2021.10.06"]
[SourceQuality "1"]

1. e4 e5 2. f4 exf4 3. Bc4 Be7 4. Nf3 Nf6 5. Nc3 0-0 6. d4 Nxe4 7. Nxe4 d5 8. Bd3 dxe4 9. Bxe4 Bh4+ 10. g3 Re8 11. Ne5 f5 12. Bg2 fxg3 13. 0-0 c6 14. Bf4 gxh2+ 15. Bxh2 Be6 16. c4 Nd7 17. Nxd7 Bxd7 18. b4 Qg5 19. Bf4 Qg6 20. Kh2 Bg5 21. Be5 Bf6 22. Bf4 Bg5 23. Be5 Qh6+ 24. Bh3 f4 25. Qb3 Rf8 26. Rf3 Bg4 27. Raf1 Bxf3 28. Qxf3 Rae8 29. Qg4 Rxe5 30. dxe5 Be7 31. Re1 Qg5 32. e6 Qxg4 33. Bxg4 g5 34. c5 Re8 35. Rd1 Rd8 36. Rd7 Rxd7 37. exd7 Kf7 38. a4 Bd8 39. Kg2 Kf6 40. b5 Ke5 41. Bf3 Kd4 42. bxc6 bxc6 43. Bxc6 Kxc5 44. Bf3 Kd6 45. Bg4 Ke5 46. Kf3 h6 47. Ke2 Kf6 48. Kd3 Kg6 49. Ke4 h5 50. Bd1 Bc7 51. Be2 h4 52. Bg4 Kf6 53. Bh3 Ke7 54. Bg4 Kd6 55. Bf5 Kc5 56. Kf3 Kb4 57. Bc2 h3 58. Bd1 a5 59. Kf2 Bb6+ 60. Kf3 Kc5 61. Kg4 h2 62. Bf3 Bd8 63. Kh3 Kb4 64. Kxh2 Kxa4 0-1

[Event "Quebec-ch Intercoll"]
[White "Wenaas, Eric"]
[Black "Girard, Robin"]
[Site "Valleyfield"]
[Round "4"]
[Result "0-1"]
[Date "1989.03.25"]
[WhiteElo "1713"]
[BlackElo "2247"]
[PlyCount "48"]
[EventDate "1989.03.??"]
[EventType "swiss"]
[EventRounds "6"]
[EventCountry "CAN"]
[SourceTitle "EXT 2022"]
[Source "ChessBase"]
[SourceDate "2021.10.06"]
[SourceVersion "1"]
[SourceVersionDate "2021.10.06"]
[SourceQuality "1"]

1. f4 c5 2. Nf3 Nc6 3. e3 d5 4. d4 Bf5 5. c3 e6 6. Be2 Nf6 7. Nbd2 h6 8. Ne5 Bd6 9. 0-0 Qc7 10. a4 Ke7 11. Bf3 Rag8 12. g4 Bh7 13. Rf2 g5 14. Nf1 gxf4 15. exf4 Nxg4 16. Bxg4 h5 17. h3 Be4 18. Ng3 hxg4 19. hxg4 Rh3 20. Nxe4 dxe4 21. Rh2 Rxh2 22. Kxh2 f6 23. Nxc6+ bxc6 24. Kg3 f5 0-1

[Event "Quebec-ch"]
[White "Girard, Robin"]
[Black "Lesiege, Alexandre"]
[Site "Montreal"]
[Round "5"]
[Result "0-1"]
[Date "1989.??.??"]
[WhiteElo "2215"]
[BlackElo "2235"]
[PlyCount "78"]
[EventDate "1989.??.??"]
[EventType "tourn"]
[EventRounds "9"]
[EventCountry "CAN"]
[SourceTitle "EXT 1999"]
[Source "ChessBase"]
[SourceDate "1998.11.16"]
[SourceVersion "1"]
[SourceVersionDate "1998.11.16"]
[SourceQuality "1"]

1. e4 e5 2. Nf3 Nc6 3. Bb5 a6 4. Ba4 Nf6 5. 0-0 Be7 6. Re1 b5 7. Bb3 d6 8. c3 0-0 9. d4 Bg4 10. d5 Na5 11. Bc2 c6 12. h3 Bc8 13. dxc6 Qc7 14. Nbd2 Qxc6 15. Nf1 Nc4 16. a4 Bb7 17. Ng3 Rfe8 18. Bd3 Bf8 19. Qe2 d5 20. axb5 axb5 21. Rxa8 Bxa8 22. b3 Nd6 23. exd5 Qxd5 24. Bc2 e4 25. Nh2 Qc6 26. Bb2 Nd5 27. Nh5 Re6 28. Ng4 Nxc3 29. Qd2 b4 30. Nf4 Re8 31. Ne3 Ndb5 32. Nh5 g6 33. Ng3 f5 34. Nc4 Bc5 35. Nf1 f4 36. Na5 Qc7 37. Nc4 Rd8 38. Qc1 e3 39. fxe3 Qc6 0-1